Jak opracowac plan marketingowy

Enregistré dans:
Détails bibliographiques
Auteur principal: Westwood, John
Format: Livre
Langue:polonais
Publié: Lublin Pomóz.Sam.Sobie 1997
Collection:Seria: Biznes
Sujets:
Tags: Ajouter un tag
Pas de tags, Soyez le premier à ajouter un tag!

MARC

LEADER 00000nam a2200000 4500
001 c117197
005 20250901092407.2
020 |a 83-86924-11-X 
041 0 |a pol 
044 |a PL 
245 1 0 |a Jak opracowac plan marketingowy  |c John Westwood ; [preklad: Maciej S. Mulak] 
264 1 |a Lublin  |b Pomóz.Sam.Sobie  |c 1997 
300 |a 161 s. 
490 1 |a Seria: Biznes 
830 0 |a Seria: Biznes 
610 2 0 |a marketing 
610 2 0 |a plán 
610 2 0 |a firmy 
610 2 0 |a plán marketingový 
610 2 0 |a analýzy 
610 2 0 |a audit 
610 2 0 |a výskum trhu 
610 2 0 |a stratégia podniková 
610 2 0 |a distribúcia 
610 2 0 |a rozpočet podnikový 
610 2 0 |a ciele podnikové 
610 2 0 |a stratégia marketingová 
100 1 |a Westwood, John